00917 a2200157 4500020001500000020001800015082001000033100002600043245011700069260003400186300002100220500001500241520033400256856008200590856008700672 a0201328046 a978020132804204a658.81 aLevinson, Jay Conrad.10aGuerrilla marketing with technology unleashing the full potential of your small business /cJay Conrad Levinson. a[S.l.] :bBasic Books,c1997. a224 p. ;c24 cm. aPaperback. aGuerrilla Marketing with Technology shows entrepreneurs how virtually every aspect of a small business can be enhanced through technology--from creating and distributing newsletters to staying a head of industry trends. Includes a Glossary of key terms, an IQ quiz, case examples of pioneering companies, and more. Website promo.403Amazon.comuhttp://www.amazon.com/exec/obidos/ASIN/0201328046/chopaconline-20403Amazon customer reviewsuhttp://www.chopac.org/cgi-bin/tools/azrev.pl?q=0201328046